DETERMINACIÓN DEL ESTADO SANITARIO DE LAS PLANTAS, SUELO E INSTALACIONES Y ELECCIÓN DE LOS MÉTODOS DE CONTROL - AGAO0208 (Record no. 218019)
[ view plain ]
| 000 -CABECERA | |
|---|---|
| campo de control de longitud fija | 00618nam a2200181Ia 4500 |
| 003 - IDENTIFICADOR DEL NÚMERO DE CONTROL | |
| campo de control | OSt |
| 005 - FECHA Y HORA DE LA ÚLTIMA TRANSACCIÓN | |
| campo de control | 20230113100407.0 |
| 008 - DATOS DE LONGITUD FIJA--INFORMACIÓN GENERAL | |
| campo de control de longitud fija | 191213s9999 xx 000 0 und d |
| 020 ## - NÚMERO INTERNACIONAL ESTÁNDAR DEL LIBRO | |
| Número Internacional Estándar del Libro | 9788491981756 |
| 040 ## - FUENTE DE LA CATALOGACIÓN | |
| Centro catalogador/agencia de origen | chap |
| 100 1# - ENTRADA PRINCIPAL--NOMBRE DE PERSONA | |
| Nombre de persona | AGUILAR YÁNEZ, Enrique; GONZÁLEZ ROMERO, Jaime |
| 245 1# - MENCIÓN DE TÍTULO | |
| Título | DETERMINACIÓN DEL ESTADO SANITARIO DE LAS PLANTAS, SUELO E INSTALACIONES Y ELECCIÓN DE LOS MÉTODOS DE CONTROL - AGAO0208 |
| 250 ## - MENCIÓN DE EDICIÓN | |
| Mención de edición | 1 |
| 260 00 - PUBLICACIÓN, DISTRIBUCIÓN, ETC. | |
| Lugar de publicación, distribución, etc. | 2018 |
| 650 00 - PUNTO DE ACCESO ADICIONAL DE MATERIA--TÉRMINO DE MATERIA | |
| Término de materia que sigue a un nombre geográfico como elemento de entrada | Agronomía |
| 856 00 - LOCALIZACIÓN Y ACCESO ELECTRÓNICOS | |
| Identificador Uniforme del Recurso | <a href="https://uachapingo.bibliotecasdigitales.com/read/9788491981756/index">https://uachapingo.bibliotecasdigitales.com/read/9788491981756/index</a> |
| Texto de enlace | Texto completo |
| Nota pública | Libro Electrónico |
| 942 ## - ELEMENTOS DE PUNTO DE ACCESO ADICIONAL (KOHA) | |
| Fuente del sistema de clasificación o colocación | Dewey Decimal Classification |
| Estado de retiro | Estado de pérdida | Fuente del sistema de clasificación o colocación | Estado dañado | No para préstamo | Código de colección | Localización permanente | Ubicación/localización actual | Fecha de adquisición | Total de préstamos | Fecha visto por última vez | Precio válido a partir de | Tipo de ítem Koha |
|---|---|---|---|---|---|---|---|---|---|---|---|---|
| Dewey Decimal Classification | Libros Electrónicos | Biblioteca Digital | Biblioteca Digital | 13/01/2023 | 13/01/2023 | 13/01/2023 | Libro Electrónico |
